00939nam a2200193 a 450000100100000000500170001000800410002704000250006808200150009310000370010824500530014526000700019830000310026850001880029904900090048795201130049695201190060999900170072800003018820200930060121.0110504s1980 dr c 000 0 spa d aDO-SdBNPbspacBNPHU axxxbP441a1 aPeriche Vidal, Fernándo95530710aAhorro de energía /cFernándo Periche Vidal. aSanto Domingo :bCorporación Dominicana de Electricidad,c1980. a[12 p.] :bretr. ;c23 cm. aCharla pronunciada por el ingeniero Fernándo Periche Vidal, administrador general de la Corporación Dominicana de Electricidad en el club de ejecutivos el 18 de septiembre de 1980 aBNPD 0010718PDaPDbPDcCTd2011-05-04iLF1l0oxxx P441ap30188-10r2020-06-25w2020-06-25yLFPDZNo se presta 0010718PDaPDbPDcCTd2011-05-04iLF1l0oxxx P441ap30188-20r2020-06-25te. 2w2020-06-25yLFPDZNo se presta c29680d29680